Welcome to WEB OPAC of MRSPTU Central Library

A textbook of physical Chemistry : computational aspects in physical Chemistry v-6 (Record no. 5748)

MARC details
000 -LEADER
fixed length control field 00450nam a2200157Ia 4500
008 - FIXED-LENGTH DATA ELEMENTS--GENERAL INFORMATION
fixed length control field 230711s9999||||xx |||||||||||||| ||und||
041 ## - LANGUAGE CODE
Language code of text/sound track or separate title ENG
082 ## - DEWEY DECIMAL CLASSIFICATION NUMBER
Classification number 541
Item number KA-P
100 ## - MAIN ENTRY--PERSONAL NAME
Personal name Kapoor, K L
245 #2 - TITLE STATEMENT
Title A textbook of physical Chemistry : computational aspects in physical Chemistry v-6
250 ## - EDITION STATEMENT
Edition statement 1st . Ed.
260 ## - PUBLICATION, DISTRIBUTION, ETC.
Date of publication, distribution, etc. 2016
Place of publication, distribution, etc. New Delhi
Name of publisher, distributor, etc. McGraw Hill Education(India) Private Limited
300 ## - PHYSICAL DESCRIPTION
Extent 363p.
650 ## - SUBJECT ADDED ENTRY--TOPICAL TERM
Topical term or geographic name entry element Chemistry
942 ## - ADDED ENTRY ELEMENTS (KOHA)
Koha item type Book
Holdings
Withdrawn status Lost status Damaged status Not for loan Collection Home library Current library Date acquired Cost, normal purchase price Inventory number Total checkouts Full call number Barcode Date last seen Price effective from Koha item type Date last checked out
          MRSPTU Central Library MRSPTU Central Library   450.00 49542485   541 KA-P 31075 08/17/2023 08/17/2023 Book  
          MRSPTU Central Library MRSPTU Central Library   450.00 49542485   541 KA-P 31076 08/17/2023 08/17/2023 Book  
          MRSPTU Central Library MRSPTU Central Library   450.00 49542485   541 KA-P 31077 08/17/2023 08/17/2023 Book  
          MRSPTU Central Library MRSPTU Central Library   450.00 49542485   541 KA-P 31078 08/17/2023 08/17/2023 Book  
          MRSPTU Central Library MRSPTU Central Library   450.00 49542485 1 541 KA-P 31079 01/20/2025 08/17/2023 Book 01/15/2025

Website Designed and Developed by MRSPTU Central Library Team

E-mail Id: librarian@mrsptu.ac.in